LEADER 02462nam0 2200469 i 450 001 CFI0016457 005 20251003044109.0 010 $a8815011153 020 $aIT$b87-250 100 $a19860924d1986 ||||0itac50 ba 101 | $aita$ceng 102 $ait 181 1$6z01$ai $bxxxe 182 1$6z01$an 183 1$6z01$anc$2RDAcarrier 200 1 $aPovertā e capitalismo nell'Europa preindustriale$fCatharina Lis, Hugo Soly 210 $aBologna$cIl mulino$d1986 215 $a315 p.$d21 cm 225 | $aUniversale paperbacks Il mulino$v193 300 $aTrad. di Francesco Bosi, rev. di Luisa Tumellini. 410 0$1001CFI0000033$12001 $aUniversale paperbacks Il mulino$v193 500 10$aPoverty and capitalism in pre-industrial Europe$3CFI0019951$9CFIV011424$912572 606 $aPauperismo$xEuropa$xSec. 11.-19.$2FIR$3CFIC003103$9I 606 $aEuropa$xCondizioni economiche e sociali$xSec. 11.-19.$2FIR$3CFIC003104$9I 676 $a339.4$9FATTORI INFLUENZANTI IL PRODOTTO, LA RICCHEZZA, IL REDDITO NAZIONALE.$v12 676 $a339.4$9Macroeconomia e soggetti connessi. Fattori influenzanti il reddito e la ricchezza$v14 676 $a339.46$9EFFETTI E CAUSE ECONOMICHE DELLA POVERTA$v19 676 $a339.46094$9EFFETTI E CAUSE ECONOMICHE DELLA POVERTA. EUROPA$v19 676 $a339.46094$9CAUSE ED EFFETTI ECONOMICI DELLA POVERTA IN EUROPA$v20 676 $a339.46094$9CAUSE ED EFFETTI ECONOMICI DELLA POVERTA. Europa$v21 700 1$aLis$b, Catharina$3CFIV011424$4070$0142698 701 1$aSoly$b, Hugo$3CFIV011425$4070$0142699 801 3$aIT$bIT-000000$c19860924 850 $aIT-BN0095 $aIT-SA0060 $aIT-NA0075 $aIT-NA0452 901 $bNAP IS$cISEM $nSezione di storia economica dell'ex Istituto di storia economica del Mezzogiorno 901 $bNAP 01$cPOZZO LIB.$nVi sono collocati fondi di economia, periodici di ingegneria e scienze, periodici di economia e statistica e altri fondi comprendenti documenti di economia pervenuti in dono. 901 $bNAP 27$cSALA $n$ 912 $aCFI0016457 950 0$aBiblioteca Centralizzata di Ateneo$c1 v.$d 01POZZO LIB.ECON MON 7831$e 0101 0000110555E VMA 1 v. (Precedente collocazione: GUERRAZZI A 382)$fB $h20091214$i20091214 977 $a 01$a 27$a GE$a IS 996 $aPoverty and capitalism in pre-industrial Europe$912572 997 $aUNISANNIO LEADER 03476nam 22007695 450 001 9910483127503321 005 20251226203707.0 010 $a3-319-13692-5 024 7 $a10.1007/978-3-319-13692-9 035 $a(CKB)3710000000325025 035 $a(SSID)ssj0001408576 035 $a(PQKBManifestationID)11908152 035 $a(PQKBTitleCode)TC0001408576 035 $a(PQKBWorkID)11353170 035 $a(PQKB)11241299 035 $a(DE-He213)978-3-319-13692-9 035 $a(MiAaPQ)EBC6296186 035 $a(MiAaPQ)EBC5587931 035 $a(Au-PeEL)EBL5587931 035 $a(OCoLC)1066186377 035 $a(PPN)18315228X 035 $a(EXLCZ)993710000000325025 100 $a20141210d2014 u| 0 101 0 $aeng 135 $aurnn#008mamaa 181 $ctxt 182 $cc 183 $acr 200 10$aAbdominal Imaging. Computational and Clinical Applications $e6th International Workshop, ABDI 2014, Held in Conjunction with MICCAI 2014, Cambridge, MA, USA, September 14, 2014. /$fedited by Hiroyuki Yoshida, Janne J. Näppi, Sanjay Saini 205 $a1st ed. 2014. 210 1$aCham :$cSpringer International Publishing :$cImprint: Springer,$d2014. 215 $a1 online resource (XIII, 296 p. 139 illus.) 225 1 $aImage Processing, Computer Vision, Pattern Recognition, and Graphics,$x3004-9954 ;$v8676 300 $aBibliographic Level Mode of Issuance: Monograph 311 08$a3-319-13691-7 327 $aLiver and pancreas - ablation, perfusion, and segmentation -- Gastrointestinal tract - Crohn's disease -- Gastrointestinal tract - colonoscopy, colonography -- Abdominal operation planning - registration, segmentation. 330 $aThis book constitutes the refereed proceedings of the 6th International Workshop ABDI 2014, held in conjunction with MICCAI 2014, in Cambridge, MA, USA, in September 2014. The book includes 29 papers which were carefully reviewed and selected from 33 submissions. The topics covered are liver and pancreas - ablation, perfusion, and segmentation; gastrointestinal tract - Crohn's disease; gastrointestinal tract - colonoscopy, colonography; and abdominal operation planning - registration, segmentation. 410 0$aImage Processing, Computer Vision, Pattern Recognition, and Graphics,$x3004-9954 ;$v8676 606 $aComputer vision 606 $aComputer science 606 $aPattern recognition systems 606 $aArtificial intelligence 606 $aComputer Vision 606 $aTheory of Computation 606 $aAutomated Pattern Recognition 606 $aArtificial Intelligence 606 $aComputer Science 615 0$aComputer vision. 615 0$aComputer science. 615 0$aPattern recognition systems. 615 0$aArtificial intelligence. 615 14$aComputer Vision. 615 24$aTheory of Computation. 615 24$aAutomated Pattern Recognition. 615 24$aArtificial Intelligence. 615 24$aComputer Science. 676 $a617.550754 702 $aYoshida$b Hiroyuki$4edt$4http://id.loc.gov/vocabulary/relators/edt 702 $aNäppi$b Janne J$4edt$4http://id.loc.gov/vocabulary/relators/edt 702 $aSaini$b Sanjay$4edt$4http://id.loc.gov/vocabulary/relators/edt 801 0$bMiAaPQ 801 1$bMiAaPQ 801 2$bMiAaPQ 906 $aBOOK 912 $a9910483127503321 996 $aAbdominal Imaging. Computational and Clinical Applications$92593684 997 $aUNINA